000 00421nam a22001457a 4500
005 20151207150725.0
008 151207b xxu||||| |||| 00| 0 eng d
050 _aNA6010.8N4
_bB4
100 _aBernier, Ronald M.
_921225
245 _aThe temples of Nepal
_cby Bernier, Ronald M.
260 _aNew Delhi
_bS. Chand
_c1970
300 _avii, 171p.;
_c22cm.
650 _aTemples
_zNepal
_921226
942 _2lcc
_cMONOGRAPH
999 _c123837
_d123837